00857nam a2200229 i 450000100060000000300090000600500170001500700030003200800410003502000180007610000400009424501020013426000630023630000220029949000470032150000120036850400200038083000550040085200330045599900170048895201220050550693ES-MaACL20230906162224.0t|030806s1986 sp ||||1| spa d a84-7299-165-21 aCudeiro González, Vicente.94196513aLa finalidad en la naturaleza b: un debate con Nicolás Hartmann /cVicente Cudeiro González. aSalamanca : bUniversidad Pontificia de Salamanca, c1986. a255 p. ; c24 cm.1 aBiblioteca Salmanticensis. Estudios ; v81 aIndice. aBibliografía.0 aBiblioteca Salmanticensis. Estudios ; v819230142 aES-MaACLjL-12391 bR.114528 c50693d50693 00104070aATENEOMbATENEOMcDEPO2d2008-01-17eSCl0oL-12391p1053317r2023-02-23 00:00:00w2023-02-23yMONOGRAFIA